000 02447nam0a2200361 4500
001 RU\NLR\BIBL_A\011538970
005 20260409064243.0
010 _a9785947602494
_9500
021 _aRU
_b2017-83683
_95971
035 _a(RuMoRGB)009442775
035 _a(NLR Aleph) 011538970
090 _a12185113
_c12185113
100 _a20171124d2017 u y0rusy50 ca
101 0 _arus
102 _aRU
105 _a z |100z
200 1 _aИнновационные материалы и технологии в дизайне
_eматериалы III Всероссийской научно-технической конференции (с участием молодых ученых), 23, 24 марта 2017 года
_fМинистерство культуры Российской Федерации, Федеральное государственное бюджетное образовательное учреждение высшего образования "Санкт-Петербургский государственный институт кино и телевидения"
_g[редкол.: Бабкин О. Э. (отв. ред.) и др]
210 _aСанкт-Петербург
_cСПбГИКиТ
_d2017
215 _a141, [2] с.
_cил., табл.
_d21
320 _aБиблиогр. в конце ст.
606 _aХудожественное конструирование
_jСъезды, совещания и т.п
_91086244
_3RU\NLR\AUTH\66106392
606 _aМатериаловедение
_jСъезды, совещания и т.п
_91112107
_3RU\NLR\AUTH\66119709
686 _aЖ182я431(2)
_2rubbk
686 1 _aЖ3я431(2)
686 1 _aЩ129.05я431
702 1 _aБабкина
_bО. Э.
_4340
711 1 2 _a"Инновационные материалы и технологии в дизайне", всероссийская научно-техническая конференция с участием молодых ученых
_d3
_eСанкт-Петербург
_f2017
_9559619
_3RU\NLR\AUTH\880448021
712 0 2 _4557
_aСанкт-Петербургский государственный институт кино и телевидения
_9472307
_3RU\NLR\AUTH\880402675
942 _cBOOK
980 _aNBR